zpět

Detail výsledku týmu

Restaurace Tunel, Plzeň

Datum a čas kvízu

34 Celkem bodů Celkový počet nahraných bodů na tomto kvízu bez doplňovacích otázek.
3. Pořadí na kvízu Konečné umístění týmu na tomto kvízu.

Zaznamenané odpovědi

# Otázka Odpověď Body Výsledky
1. Automobilka BMW zahájila minul... autonomní řízení (bez řidiče) 1
2. V pondělí odstartoval tři roky... Worldcoin 0
3. Která rocková hvězda z Velké B... Mick Jagger 1
4. Ve čtvrtek se v newyorské síni... Voyager (1 a 2) 1
5. Minulý týden se konal největší... Czech Tour (Sazka Tour), Chris Froome 0.5
6. Předmětem tohoto tématu budou... 1A 2C 3B 4D 1
7. Český politik, který se dostal... Adam Vojtěch a Vojtěch Adam 1
8. Nejúspěšnější český pilot bitv... B 1
9. Adam Ondra, coby jeden z nejle... D 0
10. Fakt, že se autor literární př... George Raymond Richard 0.5